| 000 | 00507cam a22002054a 4500 | ||
|---|---|---|---|
| 005 | 20250605164317.0 | ||
| 008 | 250528s ||||||||||||||||||||||||d | ||
| 035 | _a22753 | ||
| 020 | _a9780761918103 | ||
| 040 |
_aGR-AtMCL _bgre _dGR-AtMCL _eAACR2 |
||
| 245 | 1 | _aHANDBOOK OF RELATIONSHIP MARKETING | |
| 250 | _a1 | ||
| 260 |
_bSage Publications, _c2000 |
||
| 300 | _a660 | ||
| 700 | 1 |
_aParvatiyar Atul _98456 |
|
| 700 | 1 |
_aSheth Jagdish N _91731 |
|
| 942 | _cBK | ||
| 999 |
_c7798 _d7798 |
||